000 00436nam a22001817a 4500
003 OSt
005 20260330115950.0
008 260330b |||||||| |||| 00| 0 eng d
020 _a9789370893320
040 _cBGL
082 _a294.6 CHA:A
100 _aChahal S. Maneshwar
245 _a Anand Sahib: Way to God in Sikhism
260 _aNEW DELHI
_bFINGERPRINT
_c2025
300 _a240p
650 _aGeneral
942 _2ddc
_cGB
999 _c44342
_d44342